000 00602nam a2200217Ia 4500
005 20250108124940.0
008 008 250107s9999 xx 000 0 eng d
020 _a978 81 250 3233 5
037 _aTB
040 _aCRL
_beng
_cCRL
041 _aeng
_2eng
084 _aO152,3N80,VI R2
084 _qCRL
245 0 _aDeveloping XML web services and server components with microsoft
260 _aNew Delhi, India
_bPrentice Hall
_c2786
300 _axxix,651p.
365 _aINR
_b300
650 _aENGINEERING
942 _cTB
_hO152,3N80,VI R2
999 _c1235174
_d1235174